Aerial spraying assessment report-Rubber, 1965: Control of Phytophthora palmivora (Record no. 45465)

MARC details
000 -LEADER
fixed length control field 00366nam a2200121Ia 4500
245 #0 - TITLE STATEMENT
Title Aerial spraying assessment report-Rubber, 1965: Control of Phytophthora palmivora
260 ## - PUBLICATION, DISTRIBUTION, ETC. (IMPRINT)
Name of publisher Aerial Spraying Assessment Report
Year of publication 1965
300 ## - PHYSICAL DESCRIPTION
Number of Pages 5-Jan
650 ## - SUBJECT ADDED ENTRY--TOPICAL TERM
Topical Term Control
650 ## - SUBJECT ADDED ENTRY--TOPICAL TERM
Topical Term Phytophthora palmivora
942 ## - ADDED ENTRY ELEMENTS (KOHA)
Koha item type Reprints
Holdings
Withdrawn status Lost status Damaged status Not for loan Home library Current library Shelving location Date acquired Koha item type
      Reprints RRII Library RRII Library Plant pathology 22/12/2021 Reprints